سهل اموز فارسي ;; sahl amwz fari / (Record no. 82956)
[ view plain ]
| 000 -LEADER | |
|---|---|
| fixed length control field | 00630nam a2200205 4500 |
| 001 - CONTROL NUMBER | |
| control field | 82956 |
| 003 - CONTROL NUMBER IDENTIFIER | |
| rucl marc code | BD-RjUL |
| 005 - DATE AND TIME OF LATEST TRANSACTION | |
| control field | 20240205151345.0 |
| 008 - FIXED-LENGTH DATA ELEMENTS--GENERAL INFORMATION | |
| fixed length control field | 240205s1905 ii ||||| |||| 00| 0 per d |
| 035 ## - SYSTEM CONTROL NUMBER | |
| System control number | (BD-RjUL)82956 |
| 040 ## - CATALOGING SOURCE | |
| Original cataloging agency | BD-RjUL |
| Language of cataloging | eng |
| Transcribing agency | BD-RjUL |
| 041 ## - LANGUAGE CODE | |
| Language code of text/sound track or separate title | per |
| 082 ## - DEWEY DECIMAL CLASSIFICATION NUMBER | |
| Edition number | 23 |
| Classification number | 891.558 |
| Author mark and year | SHS 1905 |
| 100 10 - MAIN ENTRY--PERSONAL NAME | |
| Personal name | الشيرازي, محمد كاظم ;; Shirazi, Muhammad Kazem |
| 9 (RLIN) | 11457 |
| 245 10 - TITLE STATEMENT | |
| Title | سهل اموز فارسي ;; sahl amwz fari / |
| Statement of responsibility, etc. | محمد كاظم الشيرازي ;; Muhammad Kazem Al-Shirazi |
| 300 ## - PHYSICAL DESCRIPTION | |
| Pagination | V. ; |
| Size | 22 cm |
| 505 ## - FORMATTED CONTENTS NOTE | |
| Formatted contents note | Vol. 1.-- |
| 650 ## - SUBJECT ADDED ENTRY--TOPICAL TERM | |
| Topical term or geographic name as entry element | Persian Literature |
| 942 ## - ADDED ENTRY ELEMENTS (KOHA) | |
| Source of classification or shelving scheme | Dewey Decimal Classification |
| Koha item type | Books |
| Lost status | Source of classification or shelving scheme | Damaged status | Not for loan | Collection code | Permanent Location | Current Location | Shelving location | Date acquired | Source of acquisition | Total Checkouts | Full call number | Date last seen | Copy number | Koha item type |
|---|---|---|---|---|---|---|---|---|---|---|---|---|---|---|
| Dewey Decimal Classification | Not For Loan | Non-fiction | Central Library, University of Rajshahi | Central Library, University of Rajshahi | Reading Room | 18/03/1992 | Golam Maqsud.Helali,, Sirajgonj, pabna, | F 891.558 SHS V-1 1905 | 05/02/2024 | C-1 | Books |